000 00632cam a2200205 4500500
005 20260405001559.0
041 _afre
042 _adc
100 1 0 _aPastorini, Chiara
_eauthor
245 0 0 _aFrançoise Dastur: « On supporte mal les moments de silence »
260 _c2013.
500 _a52
690 _aBavardage
690 _aFrançoise Dastur
690 _aHeidegger
690 _aSmartphone
690 _aTemps
786 0 _nPhilosophie magazine | 73 | 10 | 2013-10-01 | p. 32-33 | 1951-1787
856 4 1 _uhttps://shs.cairn.info/magazine-philosophie-magazine-2013-10-page-32?lang=fr&redirect-ssocas=7080
999 _c2048989
_d2048989